| 000 | 00507nam a2200181Ia 4500 | ||
|---|---|---|---|
| 999 |
_c28945 _d28945 |
||
| 003 | OSt | ||
| 005 | 20210104104243.0 | ||
| 008 | 190216s9999||||xx |||||||||||||| ||und|| | ||
| 020 | _a9788182642782 | ||
| 040 | _coclc | ||
| 082 |
_a894.8122 _bGEO/I |
||
| 100 |
_aGeorge, K G _98097 |
||
| 245 | 0 |
_aIrakal / _cK G George |
|
| 260 |
_bMathrubhumi Printing &publishing, _aKozhikode: _c2006. |
||
| 300 | _a148p | ||
| 650 | _aNadakam | ||
| 942 |
_cBK _2ddc _h894.8122 _iGEO/I _k894.8122 _mGEO/I |
||